LDR 01036nam a2200229 i 4500 001 000000063010 003 CaOOAMICUS 005 20260515143536.0 008 130330s1965 xx u000 u fre u 013 $a34182 040 $aSeMil$bita 100 1 $aBrunner, Emil,$d<1889-1966>.$0(OLS)http://semarc/name/12918 240 14$aDie christliche Lehre von Schöpfung und Erlösung.$0(OLS)http://semarc/title/459805 245 13$aLa doctrine chrétienne de la création et de la rédemption /$cEmil Brunner. 300 $a427 p. ;$c21 cm 650 4$aCreazione - Teologia.$0(OLS)http://semarc/subject/2265 650 4$aRedenzione - Teologia.$0(OLS)http://semarc/subject/4566 773 0 $aBrunner, Emil <1889-1966>$tDogmatique.$dGenève : Labor et Fides, 1964-1967.$gTome2$w()28302 850 $aSeMil 852 $aSeMil$W1$xVenegono$y1$m2M III 207$j29163$B29163$CSeMilBibl$Z2$F29166 $81 996 $6245$aLa doctrine chrétienne de la création et de la rédemption$9(OLS)http://semarc/title/99292